| 000 | 01088cam a2200289 a 4500 | ||
|---|---|---|---|
| 001 | 12355038 | ||
| 003 | OSt | ||
| 005 | 20140310182741.0 | ||
| 008 | 010322s2001 tnua bf 000 0 eng d | ||
| 010 | _a 2001267554 | ||
| 020 | _a0785267255 | ||
| 035 | _a(OCoLC)ocm45896130 | ||
| 040 |
_aLPU _cLPU _dDLC |
||
| 050 | 0 | 0 |
_aHD 57.7 _b.M3942 2001 |
| 100 | 1 |
_aMaxwell, John C., _d1947- |
|
| 245 | 1 | 0 |
_aDeveloping the leader within you workbook / _cJohn C. Maxwell. |
| 260 |
_aNashville : _bT. Nelson, _c2001. |
||
| 300 |
_ax, 255 p. : _bill. ; _c23 cm. |
||
| 504 | _aIncludes bibliographical references (p. 251-254). | ||
| 521 | _aBSBA | ||
| 650 | 0 |
_aLeadership _vProblems, exercises, etc. |
|
| 856 | 4 | 2 |
_3Publisher description _uhttp://www.loc.gov/catdir/enhancements/fy0612/2001267554-d.html |
| 906 |
_a7 _bcbc _ccopycat _d2 _encip _f20 _gy-gencatlg |
||
| 942 |
_2lcc _cBK _kFOR |
||
| 999 |
_c15559 _d15559 |
||